Na správné cestě : 12 písní Michala Kindla /

Hlavní autor: Kindl, Michal, 1988-
Další autoři: Margita, Štefan, 1956-
Jazyk: Čeština
Vydáno: Praha : Supraphon, 2021
Témata:
Fyzický popis: 1 gramofonová deska ; 30 cm
Vydáno též na CD audio
Zvukové nahrávky
Uloženo v:
LEADER 01863njm a2200493 i 4500
001 001807398
003 CZ BrMZK
005 20220209123324.0
007 sd bumennmplnd
008 211130t20212021xr ppnng n cze
015 |a cnb003367413 
024 1 |a 099925673710 
028 0 1 |a SU 6737-1  |b Supraphon 
028 1 3 |a 231307E1/A  |b Supraphon 
028 1 3 |a 231307E2/A  |b Supraphon 
040 |a BOA001  |b cze  |e rda 
045 |a y2y2 
072 7 |a 78.011.26  |x Populární hudba. Populární písně. Populární taneční hudba  |2 Konspekt  |9 9 
080 |a 78.03.011.26  |2 MRF 
080 |a (086.72)  |2 MRF 
100 1 |a Kindl, Michal,  |d 1988-  |7 xx0223934  |4 cmp  |4 lyr  |4 sng 
245 1 0 |a Na správné cestě :  |b 12 písní Michala Kindla /  |c Štefan Margita 
264 1 |a Praha :  |b Supraphon,  |c 2021 
264 4 |c ℗2021 
300 |a 1 gramofonová deska ;  |c 30 cm 
336 |a hraná hudba  |b prm  |2 rdacontent 
337 |a audio  |b s  |2 rdamedia 
338 |a audiodisk  |b sd  |2 rdacarrier 
340 |a vinyl  |2 rda 
344 |a analog  |c 33 1/3 ot/min  |2 rda 
500 |a Název z etikety 
500 |a Hudba a texty Michal Kindl 
505 0 0 |t Intimity --  |t Tóny --  |t Kulisy --  |t Dáma --  |g Na správné cestě --  |t Doma --  |t S pocitem --  |t Prostě nevím --  |t Déšť --  |t Láska v moci červánků --  |t Paměti --  |t Skřivan 
511 0 |a Účinkuje Štefan Margita (zpěv) a další 
518 |o Nahráno  |d 2021  |p Studio dh Vyžlovka 
530 |a Vydáno též na CD audio 
648 7 |a 2021-2030  |7 ch1094457  |2 czenas 
650 0 7 |a populární hudba  |7 ph124352  |y 2021-2030  |2 czenas 
655 7 |a gramofonové desky  |7 fd186718  |2 czenas 
700 1 |a Margita, Štefan,  |d 1956-  |7 jo20010092648  |4 sng 
910 |a BOA001  |b LP-1474.661 
990 |a AV 
991 |b 202202 
996 6 |b 2610887503  |c LP-1474.661  |l MZK  |r Sklad / do 24 hodin  |n 0  |p p.v.  |w 001871292  |u 000010  |a 1  |e BOA001  |j MZK50  |s P